| 000 | 00412nam a2200145Ia 4500 | ||
|---|---|---|---|
| 008 | 230917s9999||||xx |||||||||||||| ||und|| | ||
| 040 |
_e104508 _aMAIN |
||
| 041 | _aEnglish | ||
| 082 | _a785.0954 B283M | ||
| 100 | _aBarthakur, Dilip Ranjan | ||
| 245 | 0 | _aMusic and musical instruments of Northeastern India | |
| 260 |
_aNew Delhi _bMittal Publications _c2003 |
||
| 300 | _aIllustrations, 174 p. | ||
| 942 | _cBK | ||
| 999 |
_c109051 _d109051 |
||